| 000 | 00947nam a22002297a 4500 | ||
|---|---|---|---|
| 003 | OSt | ||
| 005 | 20190502071158.0 | ||
| 008 | 190502b xxu||||| |||| 00| 0 spa d | ||
| 020 | _a9505084641 | ||
| 040 | _cPJ | ||
| 245 | 1 | 0 |
_aJerarquía constitucional de los tratados internacionales / _cJuan Carlos Vega, Marisa Adriana Graham directores; Juan Pablo Cafiero... [et al.]. |
| 260 |
_aBuenos Aires : _bAstrea, _c1996. |
||
| 300 |
_axviii, 329 p. _c20 cm. |
||
| 504 | _aBibliografía: p. 327-329. | ||
| 505 | _aFundamentos. Tratados de derechos humanos. Operatividad. Tratados de integración. Acciones positivas. Derecho a la vida. Derecho de réplica. | ||
| 650 | 0 |
_9178 _aDERECHO CONSTITUCIONAL |
|
| 650 | 0 |
_9604 _aTRATADOS INTERNACIONALES |
|
| 650 | 0 |
_94121 _aJERARQUÍA DE LOS TRATADOS INTERNACIONALES |
|
| 700 |
_9621 _aVega, Juan Carlos _edirector |
||
| 700 |
_94122 _aGraham, Marisa Adriana _edirectora |
||
| 942 |
_cLIB _2udc _h34 _iJER |
||
| 999 |
_c2716 _d2716 |
||